Načítá se...
Classic abimukhangal
| Hlavní autor: | |
|---|---|
| Médium: | Printed Book |
| Vydáno: |
Olive publications, Kozhikode
2007
|
| LEADER | 00437nam a2200157 4500 | ||
|---|---|---|---|
| 082 | |a 080 JAM | ||
| 100 | |a Jamal Kochangadi, Tr. | ||
| 245 | |a Classic abimukhangal |c Jamal Kochangadi, Tr. | ||
| 250 | |||
| 260 | |a Olive publications, Kozhikode |c 2007 | ||
| 300 | |a 378 P | ||
| 490 | |||
| 650 | |||
| 942 | |c BK | ||
| 999 | |c 188753 |d 188753 | ||
| 952 | |0 0 |1 0 |4 0 |6 080_000000000000000_JAM |7 0 |9 202102 |a ISL |b ISL |l 0 |o 080 JAM |p ISL03132 |r 2019-10-28 |w 2019-10-28 |y BK | ||